000 00321nam a22001457a 4500
008 210607b ||||| |||| 00| 0 eng d
020 _a9780781746298
041 _aeng
080 _22nd
_a610.73
082 _a610.73
100 _a1
101 _aINF
245 _aPsychiatric Nursing
_cMary A. Boyd
942 _2udc
_cBK
999 _c58025
_d58025